00457nam a22001457a 4500020001800000040000900018082001300027100003700040245004800077260004600125300000900171942001200180999001900192952010000211 a9787520324694 cNUST a951bZHE aHan Zhen and Zhang Weiwen986506 aChina's values /cHan Zhen and Zhang Weiwen aChina Social Sciences press bChinac2018 a378p 2ddccBK c587353d587353 00102ddc4070aSMMEbSMMEcGENd2021-12-13l0o951 ZHEpSMME-3661r2021-12-13w2021-12-13yBK